000 00737nam a22002297a 4500
999 _c7363
_d7363
003 AR-CdUCM
008 190320b ||||| |||| 00| 0 spa d
020 _a950-17-0376-2
040 _aMUNICIPALIDAD PROVINCIAL DEL CUSCO
_cBIBLIOTECA MUNICIPAL DEL CUSCO
082 _a135.4 /
_bT810
100 _aTrigueirinho
_916200
245 _aLos océanos tienen oidos /
260 _aBuenos Aires :
_bKier,
_c1995.
300 _a171 paginas ;
_c23 cm.
505 _aContenido : Parte I : Misterios que se develan -- Parte II : Preguntas y respuestas ...
650 _aTriangulo de las Bermudas
_920745
650 _aMisterios
_920746
650 _aOceano
_91100
700 _aZermoglio, Diana
_920747
942 _2ddc
_cLIBROS
945 _arah